| 000 | 00750nam a22002177a 4500 | ||
|---|---|---|---|
| 005 | 20140310183634.0 | ||
| 008 | 131125b xxu||||| |||| 00| 0 eng d | ||
| 020 | _a9781848728899 | ||
| 050 |
_aHQ 796 _b.Ad3344 2012 |
||
| 245 |
_aAdolescent psychology around the world / _cedited by Jeffrey Jensen Arnett. |
||
| 260 |
_aNew York, NY : _bPsychology Press, _c2012. |
||
| 300 |
_a417 p. : _bill. ; _c27 cm. |
||
| 504 | _aIncludes Bibliographic References and Index. | ||
| 521 | _aPSYCH | ||
| 650 |
_aAdolescence _xCross-cultural studies. |
||
| 650 |
_aAdolescent psychology _xCross-cultural studies. |
||
| 650 |
_aTeenagers _xCross-cultural studies. |
||
| 700 |
_aArnett, Jeffrey Jensen _eeditor |
||
| 942 |
_2lcc _cBK _kFOR |
||
| 999 |
_c25683 _d25683 |
||